Kong men wu lun /
Disimpan dalam:
| Pengarang Utama: | |
|---|---|
| Format: | Buku |
| Bahasa: | Chinese |
| Diterbitkan: |
Taibei Shi :
Xue bu juan zhai : fa xing zhe Shi jie shu ju,
Min guo 57 [1968]
|
| Siri: | Xue bu juan zhai zi kan shu ;
4. |
| Subjek-subjek: | |
| Penanda-penanda: |
Tambah Penanda
Tiada Penanda, Jadilah orang pertama menanda rekod ini!
|
| LEADER | 01038cam a2200277ua 4500 | ||
|---|---|---|---|
| 001 | 007724298-X | ||
| 005 | 20024617105648.0 | ||
| 008 | 920928s1968 ch b 000 0 chi d | ||
| 035 | 0 | |a ocm27181278 | |
| 040 | |a CaBVaU |c CaBVaU |d *CVU* |d *YNH* |d CStRLIN | ||
| 100 | 1 | |6 880-01 |a Liu, Baimin, |d 1898-1968. | |
| 245 | 1 | 0 | |6 880-02 |a Kong men wu lun / |c Liu Baimin. |
| 260 | |6 880-03 |a Taibei Shi : |b Xue bu juan zhai : |b fa xing zhe Shi jie shu ju, |c Min guo 57 [1968] | ||
| 300 | |a 108 p. ; |c 21 cm. | ||
| 490 | 1 | |6 880-04 |a Xue bu juan zhai zi kan shu ; |v 4 | |
| 504 | |a Includes bibliographical references. | ||
| 650 | 0 | |a Philosophy, Confucian. | |
| 650 | 0 | |a Confucian ethics. | |
| 880 | 1 | |6 100-01 |a 劉百閔, |d 1898-1968. | |
| 880 | 1 | 0 | |6 245-02 |a 孔門五論 / |c 劉百閔. |
| 880 | |6 260-03 |a 台北市 : |b 學不倦齋 : |b 發行者 世界書局, |c 民國57 [1968] | ||
| 880 | 1 | |6 490-04 |a 學不倦齋自刊書 ; |v 4 | |
| 830 | 0 | |6 880-54 |a Xue bu juan zhai zi kan shu ; |v 4. | |
| 880 | 0 | |6 830-54 |a 學不倦齋自刊書 ; |v 4. | |
| 988 | |a 20021103 | ||
| 906 | |0 OCLC | ||


